000 01036nam a22002537a 4500
005 20240530110936.0
008 221015s2021 ua af f 000 0 ara d
017 _a2021/11508
_bمصر. دار الكتب
020 _a9789776809437
040 _aEG-CaGPL
_cEG-CaGPL
082 0 4 _221
_a709.32
_bق/ج آ
100 0 _aجلال احمد ابو بكر
245 1 0 _aاثار مصر فى العصر المتاخر /
_cجلال احمد ابو بكر .
_nالجزء الاول -
_pالعمارة .
_nالجزء الثانى -
_pالفنون .
250 _aط. 1
260 _aالجيزة :
_bالمؤسسة الدولية للكناب،
_c2021
300 _a2 جزء :
_bايض. ؛
_c24 سم.
650 0 7 _2qrmak
_aالحضارة المصرية القديمة
650 0 7 _aالمقابر الفرعونية
650 0 7 _aالمعابد المصرية القديمة
650 0 7 _aالمعابد
_xنقوش
651 0 7 _2qrmak
_aالنوبة
_xمعابد
942 _cBK
_2ddc
999 _c66744
_d66744